All Songs by the Police - Statistics

General Stats
  • This quiz has been taken 39 times
  • The average score is 27 of 54
Answer Stats
Hint Answer % Correct
Roxanne
100%
Reggatta de Blanc Message in a Bottle
93%
Zenyatta Mondatta Don't Stand So Close to Me
89%
Every Breath You Take
89%
Synchronicity Synchronicity I
89%
Synchronicity II
89%
Walking on the Moon
82%
Every Little Thing She Does is Magic
71%
De Do Do Do, De Da Da Da
68%
Can't Stand Losing You
64%
Reggatta de Blanc
64%
So Lonely
64%
Ghost in the Machine Spirits in the Material World
64%
King of Pain
61%
The Bed's Too Big Without You
61%
Tea in the Sahara
57%
Bring on the Night
54%
Canary in a Coalmine
54%
Invisible Sun
54%
On Any Other Day
54%
Bombs Away
50%
Driven to Tears
50%
Man in a Suitcase
50%
Mother
50%
Wrapped Around Your Finger
50%
Behind My Camel
46%
Be My Girl - Sally
46%
Born in the 50's
46%
Peanuts
46%
Hole in My Life
43%
Ωmegaman
43%
Murder by Numbers
43%
Outlandos d'Amour Next to You
43%
When the World Is Running Down, You Make the Best of What's Still Around
43%
Demolition Man
39%
Miss Gradenko
39%
Walking in Your Footsteps
39%
Contact
36%
Deathwish
36%
Masoko Tanga
36%
Voices Inside My Head
36%
Hungry for You
32%
Shadows in the Rain
32%
Truth Hits Everybody
32%
Darkness
29%
No Time This Time
29%
O My God
29%
It's Alright for You
25%
Rehumanize Yourself
25%
One World (Not Three)
21%
Secret Journey
21%
The Other Way of Stopping
21%
Too Much Information
21%
Does Everyone Share
4%
No matching quizzes found
Score Distribution
Percent of People with Each Score
Percentile by Number Answered
Your Score History
You have not taken this quiz